000 00598nam a2200181Ia 4500
008 151018s9999 xx 000 0 und d
082 _bRBASDV6913
_a891.463
100 _aएस एन काशीकर
245 _aसैतानाशी झुंज
250 _b1
260 _bभारतीय प्रकाशन संस्था
_c1968
300 _a110
600 _aएस एन काशीकर
630 _aसैतानाशी झुंज
700 _aएस एन काशीकर
730 _aसैतानाशी झुंज
942 _cBOOK
999 _c1009282
_d1009279